La depresión cerrada de Matienzo. (Record no. 55398)

MARC details
000 -LEADER
campo de control de longitud fija 00715nam a2200205 i 4500
001 - NÚMERO DE CONTROL
campo de control 55398
003 - IDENTIFICADOR DE NÚMERO DE CONTROL
campo de control ES-MaACL
005 - FECHA Y HORA DE LA ÚLTIMA TRANSACCIÓN
campo de control 20230906163133.0
007 - CAMPO FIJO DE DESCRIPCIÓN FÍSICA--INFORMACIÓN GENERAL
campo de control de longitud fija t|
008 - DATOS DE LONGITUD FIJA--INFORMACIÓN GENERAL
campo de control de longitud fija 030918s1966 sp ||||1| spa d
245 03 - MENCIÓN DEL TÍTULO
Título La depresión cerrada de Matienzo.
260 ## - PUBLICACIÓN, DISTRIBUCIÓN, ETC.
Lugar de publicación, distribución, etc. Santander :
Nombre del editor, distribuidor, etc. [s.n.],
Fecha de publicación, distribución, etc. 1966.
300 ## - DESCRIPCIÓN FÍSICA
Extensión 106 p., 1 lám. pleg., 8 plan. pleg. ;
Dimensiones 28 cm.
490 1# - MENCIÓN DE SERIE
Mención de serie Cuadernos de espeleología
500 ## - NOTA GENERAL
Nota general Precede al tít.: Patronato de las cuevas prehistóricas de la Provincia de Santander.
710 2# - ENTRADA AGREGADA--NOMBRE DE ENTIDAD CORPORATIVA
Nombre de entidad corporativa o nombre de jurisdicción como elemento de entrada Patronato de las cuevas prehistóricas de la Provincia de Santander.
9 (RLIN) 6177
830 0# - PUNTO DE ACCESO ADICIONAL DE SERIE-TÍTULO UNIFORME
Título uniforme Cuadernos de espeleología
9 (RLIN) 230337
852 ## - LOCALIZACIÓN
Ubicación ES-MaACL
Número de control de estantería C-32336
Sublocalización o colección R.62640
Holdings
Estatus retirado Estado de pérdida Estado de daño No para préstamo Biblioteca de origen Biblioteca actual Ubicación en estantería Fecha de adquisición Fuente de adquisición Total de préstamos Signatura topográfica completa Código de barras Visto por última vez Precio de reemplazo Tipo de ítem Koha
        Biblioteca del Ateneo de Madrid Biblioteca del Ateneo de Madrid Depósito 2 17/01/2008     C-32336 1058205 23/02/2023 23/02/2023 Libro impreso